000 00894nam a2200217Ia 4500
001 15620
003 GE_BSU
008 181216s||||||||xx |||||||||||||| ||und||
040 _cGE_BSU
080 _a21.161.1 + 821.161.1-32
100 _aგორკი, მაქსიმ
245 _aთხზულებანი : 12 ტომად ტ. 7
245 _cმთარგმნ.: მ. ლორთქიფანიძე, ე. თვარაძე, თ. კოპლატაძე, ც. ჩხეიძე ; რედ: დ. შენგელაია
260 _aთბილისი
260 _bსაბჭ. საქართველო
260 _c1963
300 _a679 გვ. 23 სმ.
653 _aბავშვობა; ხალხში; ჩემი უნივერსიტეტები
653 _aთხზულებანი
942 _cBK
999 _c48720
_d48720